Finanční hospodaření podniku záverečná práca
Na minha lista:
| Autor principal: | |
|---|---|
| Autor Corporativo: | |
| Outros Autores: | |
| Formato: | Livro |
| Idioma: | tcheco |
| Publicado em: |
Bratislava
1987
|
| Tags: |
Sem tags, seja o primeiro a adicionar uma tag!
|
MARC
| LEADER | 00000nam a2200000 4500 | ||
|---|---|---|---|
| 001 | c040400 | ||
| 005 | 20221219102722.7 | ||
| 041 | 0 | |a cze | |
| 044 | |a SK | ||
| 245 | 1 | 0 | |a Finanční hospodaření podniku |b záverečná práca |c Marie Hanušová-Číková ; Ved. práce Jozef Zelenák |
| 264 | 1 | |a Bratislava |c 1987 | |
| 300 | |a 53 s. | ||
| 100 | 1 | |a Hanušová-Číková, Marie | |
| 700 | 1 | |a Zelenák, Jozef | |
| 710 | 2 | |a Vysoká škola ekonomická v Bratislave. Národohospodárska fakulta | |